00493nam a2200193 a 4500001001300000003000900013005001700022008004100039020001000080082002000090100001700110245002600127260004200153300000800195500003500203505002300238650002100261700001700282nice12345678IN_TiNIC20260116011552.0050524s1945 oxfa grp 000 0 eng  ac10000a930.109567bLLO aLloyd, Seton aRuined Cities of Iraq aOxfordbOxford University Pressc1945 a70p aincludes index and biblioraphy2 aIllus, Biblography aArchaeology-Iraq1 aLloyd, Seton